000 01128nam a2200301Ia 4500
001 24745
003 IT-RoPAU
008 130308s9999 xx 000 0 und d
040 _aIT-RoPAU
040 _cIT-RoPAU
041 _aITALIANO
100 _aToni Sandro
100 _gCodice Aut. SPICS: 684
245 _aCinematografie minori dal 1959 ad oggi (Le)
245 _bCinema Contemporaneo
250 _a1a ed.
260 _aROMA
260 _bLucarini
260 _c1981 [1° Ed.:1981 - Ed.Ling.Originale:1981]
300 _a"27 p. (prefazione: no ; testo: 27 [pagine: 477-504])"
500 _aCinema Svizzero Cinema spagnolo Cinema portoghese Cinema Olandese Cinema Belga Cinema Tedesco Cinema Greco Cinema Turco Cinema Canadese Cinema Australiano Cinema Africano Cinema Egiziano Cinema Algerino Cinema Tunisino Cinema Marocchino Cinema Senegalese Cinema degli Stati Arabi minori Cinema dell'Africa Nera e bianca Cinema della Costa D'Avorio del Niger e dell'Etiopia
650 _aSTORIA DEL CINEMA
650 _eCodice materia Spics: 6808
942 _cBK
957 _71
999 _c53550
_d53550
999 _bSI
999 _g1